States of Angola - Statistics

General Stats
  • This quiz has been taken 5 times
  • The average score is 9 of 18
Answer Stats
Answer % Correct
Luanda
80%
Benguela
60%
Huambo
60%
Lunda Norte
60%
Lunda Sul
60%
Moxico
60%
Namibe
60%
Bengo
40%
Bie
40%
Cabinda
40%
Cuando Cubango
40%
Cuanza Norte
40%
Cuanza Sul
40%
Cunene
40%
Huila
40%
Malanje
40%
Uige
40%
Zaire
40%
No matching quizzes found
Score Distribution
Percent of People with Each Score
Percentile by Number Answered
Your Score History
You have not taken this quiz